चोट्टि मुंडा और उसका तीर (Record no. 117741)

MARC details
000 -LEADER
fixed length control field 00974nam a2200265Ia 4500
003 - CONTROL NUMBER IDENTIFIER
control field OSt
005 - DATE AND TIME OF LATEST TRANSACTION
control field 20220918112004.0
008 - FIXED-LENGTH DATA ELEMENTS--GENERAL INFORMATION
fixed length control field 220915b |||||||| |||| 00| 0 ben d
037 ## - SOURCE OF ACQUISITION
Terms of availability Textbook
040 ## - CATALOGING SOURCE
Language of cataloging ben
Original cataloging agency ARTS
Transcribing agency ARTS
041 ## - LANGUAGE CODE
Language code of text/sound track or separate title ben
100 ## - MAIN ENTRY--PERSONAL NAME
Personal name महाश्वेता, देवी;
245 #0 - TITLE STATEMENT
Title चोट्टि मुंडा और उसका तीर
246 ## - VARYING FORM OF TITLE
Title proper/short title Choṭṭi muanḍā aur usakā tīra
260 ## - PUBLICATION, DISTRIBUTION, ETC.
Place of publication, distribution, etc. नई
Name of publisher, distributor, etc. दिल्ली राधाकृष्ण प्रका0
Date of publication, distribution, etc. 1981
650 ## - SUBJECT ADDED ENTRY--TOPICAL TERM
Topical term or geographic name entry element बंगाली साहित्य
700 ## - ADDED ENTRY--PERSONAL NAME
Personal name शंखधर, जगत, अनु.
942 ## - ADDED ENTRY ELEMENTS (KOHA)
Classification part O157,3N26,3, 152M1
Koha item type Textbook
Source of classification or shelving scheme Colon Classification (CC)

No items available.

Copyright @ Delhi University Library System